000 00891cab a2200217 4500
001 WB3339-16
008 090401t1997 xxu||||| |||| 00| 0 eng d
035 _a(Sirsi) u81357
041 _aeng
245 _aTaking confusion out of house buying
260 _c1997
350 _a0
490 _aRICS Press Release
_v(pr105.res) 8 October 1997 (2)
520 _aRICS has published a new guide, "Buying or selling your home", which outlines the principal issues in buying or selling a house or flat. Available free from the Information Centre on 0171 222 7000.
650 _aPROPERTY-RESIDENTIAL PROPERTY-ACQUISITION AND DISPOSAL OF RESIDENTIAL PROPERTY
650 _aPROPERTY-RESIDENTIAL PROPERTY-ACQUISITION AND DISPOSAL OF RESIDENTIAL PROPERTY
650 _aRICS GUIDE
690 _aPROPERTY-RESIDENTIAL PROPERTY-RESIDENTIAL PROPERTY MARKET
942 _n0
948 _c09/10/1997
999 _c51262
_d51262